Создание Электротехнического института - продиктовали здравый смысл и историческая справедливость; Томский политехник; Вып. 8

Dades bibliogràfiques
Parent link:Томский политехник: ежегодный журнал/ Томский политехнический университет (ТПУ), Ассоциация выпускников.— , 1995-
Вып. 8.— 2002.— [С. 16-21]
Altres autors: Ройз Ш. Шмиль, Шапкина О. Ольга, Лукутин Б. Борис
Sumari:Заглавие с титульного листа
Электронная версия печатной публикации
Idioma:rus
anglès
Publicat: 2002
Col·lecció:Ответ на вызов времени
Электротехнический институт
Matèries:
Accés en línia:Цветная версия без потери качества
Format: Electrònic Capítol de llibre
KOHA link:https://koha.lib.tpu.ru/cgi-bin/koha/opac-detail.pl?biblionumber=197975

MARC

LEADER 00000nla2a2200000 4500
001 197975
005 20231031183650.0
035 |a (RuTPU)RU\TPU\book\215940 
035 |a RU\TPU\book\215854 
090 |a 197975 
100 |a 20110621d2002 km y0rusy50 ca 
101 0 |a rus  |a eng 
102 |a RU 
135 |a drnn ---uucaa 
181 0 |a i  
182 0 |a b 
200 1 |a Создание Электротехнического института - продиктовали здравый смысл и историческая справедливость  |b Электронный ресурс  |d Common sense and historic fairness determined the establishment of the Electrotechnical Institute  |f [беседа с] Ш. Ройз, О. Шапкиной, Б. Лукутиным 
203 |a Текст  |c электронный 
215 |a 1 файл (15.8 Мб) 
225 1 |a Ответ на вызов времени 
225 1 |a Электротехнический институт 
230 |a Электронные текстовые данные (1 файл : 15.8 Мб) 
300 |a Заглавие с титульного листа 
300 |a Электронная версия печатной публикации 
337 |a Adobe Reader 
461 1 |0 (RuTPU)RU\TPU\book\202435  |t Томский политехник  |o ежегодный журнал  |f Томский политехнический университет (ТПУ), Ассоциация выпускников  |d 1995- 
463 1 |0 (RuTPU)RU\TPU\book\215843  |t Вып. 8  |v [С. 16-21]  |d 2002  |p 180 с. 
510 1 |a Common sense and historic fairness determined the establishment of the Electrotechnical Institute  |z eng 
601 0 2 |a Томский политехнический университет (ТПУ)  |c (1991-2009)  |2 stltpush  |3 (RuTPU)RU\TPU\col\376  |b Электротехнический институт (ЭЛТИ) 
610 1 |a история 
610 1 |a факультеты 
610 1 |a кафедры 
610 1 |a создание 
610 1 |a интервью 
610 1 |a электронный ресурс 
702 1 |a Ройз  |b Ш.  |g Шмиль  |4 460 
702 1 |a Шапкина  |b О.  |g Ольга  |4 460 
702 1 |a Лукутин  |b Б.  |g Борис  |4 460 
801 1 |a RU  |b 63413507  |c 20101101 
801 2 |a RU  |b 63413507  |c 20110825  |g RCR 
856 4 |u http://www.lib.tpu.ru/fulltext/v/Tomsk_polytechnic/2002/N8a3_full.pdf  |z Цветная версия без потери качества 
942 |c CF